Účtovné štandardy pre podniky, ktoré nepodliehajú verejnému záujmu (malé a stredné podniky)

Účtovanie u podnikateľov a účtovnú závierku upravuje zákon č. 431/2002 Z.z. o účtovníctve v znení neskorších predpisov, ktorý bol novelizovaný k 1.1.2005 a opatrenia Ministerstva financií SR. Zákon o účtovníctve prebral niektoré právne aspekty Európskej únie. Zostavovanie konsolidovanej účtovnej záv...

Ausführliche Beschreibung

Gespeichert in:
Bibliographische Detailangaben
1. Verfasser: Škultéty, Jozef
Weitere Verfasser: Gašparová, Petra
Format: Buchkapitel
Sprache:Slowakisch
Schlagworte:
Tags: Tag hinzufügen
Keine Tags, Fügen Sie das erste Tag hinzu!

MARC

LEADER 00000naa$a2200000$$$4500
001 0039716
005 20240502071504.2
041 0 |a slo 
044 |a SK 
245 1 0 |a Účtovné štandardy pre podniky, ktoré nepodliehajú verejnému záujmu (malé a stredné podniky)  |c Jozef Škultéty, Petra Gašparová 
520 |a Účtovanie u podnikateľov a účtovnú závierku upravuje zákon č. 431/2002 Z.z. o účtovníctve v znení neskorších predpisov, ktorý bol novelizovaný k 1.1.2005 a opatrenia Ministerstva financií SR. Zákon o účtovníctve prebral niektoré právne aspekty Európskej únie. Zostavovanie konsolidovanej účtovnej závierky podľa IAS/IFRS je vhodné hlavne pre nadnárodné spoločnosti. Základné princípy vývoja štandardov pre malé a stredné podniky (Small and Medium sized Entitie - SME). 
610 2 0 |a štandardy 
610 2 0 |a účtovníctvo 
610 2 0 |a štandardy účtovné medzinárodné 
610 2 0 |a podnik malý 
610 2 0 |a podnik stredný 
610 2 0 |a zákony 
610 2 0 |a opatrenia 
610 2 0 |a Slovensko 
100 1 |a Škultéty, Jozef 
700 1 |a Gašparová, Petra